000
00310 a2200157 4500
001
70637
020
_a
8526234080
040
_c
Anchieta - Itaigara
100
_a
Suhr, Mandy
240
1
0
_a
Olfato
_l
por
245
1
0
_a
Olfato
300
_a
31
362
0
_a
1998
650
4
_a
Literatura infantil
942
_c
BK
999
_c
70637
_d
70637